[Event "Candidates Tournament"]
[Site "Moscow"]
[Date "2016.03.16"]
[Round "5"]
[White "Giri, Anish"]
[Black "Svidler, Peter"]
[Result "1/2-1/2"]
[WhiteElo "2793"]
[BlackElo "2757"]
[Annotator "Sagar Shah/CB Website"]
[PlyCount "60"]
[EventDate "2016.03.11"]
[EventType "tourn"]
[EventRounds "14"]
[EventCountry "RUS"]
[EventCategory "22"]
[SourceTitle "CBM 172"]
[Source "ChessBase"]
[SourceDate "2016.05.12"]
[SourceVersion "1"]
[SourceVersionDate "2016.05.12"]
[SourceQuality "1"]

1. Nf3 $5 {Anish wants to stay away from Svidler's excellent home preparation
and just have a normal game of chess.} d5 2. g3 g6 3. Bg2 Bg7 4. d4 Nf6 5. c4
c6 {By a transposition we have reached the popular solid variation of the
Fianchetto Grünfeld. As Peter said in the press conference: "It is funny that
people are trying to find weird move orders to force me into playing the
Grünfeld, which is clearly my strongest opening!"} 6. Qb3 O-O 7. O-O a5 $5 {
Svidler's main move is 7...Qb6 but he had played this once before against
Pavel Tregubov in 2004.} 8. cxd5 a4 9. Qd1 cxd5 10. Nc3 {The players could
have reached the same position with the pawn on a7 as well. What does having
the pawn on a4 mean? In some cases it can be a weakness, but it is also a
strength that confers a lot of space to Black on the queenside.} Ne4 11. Nd2
$146 (11. Nxa4 {doesn't really make sense as after} Qa5 12. Nc3 (12. b3 b5 13.
Nb2 Nc6 $44 {followed by ...Bf5 is a free flowing position for Black.}) 12...
Nxc3 13. bxc3 Qxc3 14. Bd2 Qc4 $11) 11... Nxc3 12. bxc3 Qa5 13. Qc2 Bf5 $6 {
"I just blanked out!" Svidler was quite critical about this move and rightly
so. He could have kept better control on the position by playing his bishop to
e6 instead of f5.} (13... Be6 {with ...Rc8 coming up next. The opening has
gone really well for Black.}) 14. e4 dxe4 15. Nxe4 Nd7 16. Rb1 Qc7 17. Qe2 {
White definitely has a small edge now, mainly because his pieces are much
better co-ordinated. The rook on b1, the bishop on g2 and the dark squared
bishop coming to f4, it all looks pretty good for Anish.} Rfe8 18. Be3 (18. Bf4
e5 {is fine for Black.}) 18... Rab8 19. Rb4 $1 {Giri wanted to stop Black from
playing e5 at all costs but was not able to do so. But this rook lift is
excellent. It puts pressure on the a4-pawn and also prepares doubling on the
b-file.} e5 20. Rc4 (20. d5 {was definitely an option} Bxe4 21. Rxe4 $5 {
so that ...Bf8 doesn't come with a tempo.} (21. Bxe4 Bf8 22. Rxa4 Nc5 {Anish
didn't ike the solid control that Black had on the dark squares.} 23. Rb4 Nxe4
24. Rxe4 b5 $44 {Black is a pawn down but has excellent compensation.}) 21...
Nc5 (21... f5 22. Rxa4 $16) 22. Rb4 $16 {[%cal Gf1b1]}) (20. Rxa4 Bxe4 21. Bxe4
b5 22. Rb4 exd4 23. Bxd4 Bxd4 24. cxd4 Nf6 25. f3 Qc3 $44) 20... Qb6 21. Rb4
Qc7 22. dxe5 Nxe5 23. Bf4 Bd7 $1 {A strong regrouping of pieces by Svidler.
The bishop will be well placed on c6.} 24. Rd1 Bc6 $11 {Black has absolutely
no problems now.} 25. Rbd4 Re6 26. Ng5 Ree8 27. Ne4 Re6 28. Ng5 Ree8 29. Ne4
Re6 30. Ng5 Ree8 1/2-1/2

[Event "GBR-ch KO"]
[Site "London"]
[Date "2015.12.07"]
[Round "3.3"]
[White "Pert, Nicholas"]
[Black "Howell, David"]
[Result "1/2-1/2"]
[WhiteElo "2569"]
[BlackElo "2693"]
[Annotator "Sagar Shah/CB Website"]
[PlyCount "156"]
[EventDate "2015.12.01"]
[EventType "k.o."]
[EventRounds "3"]
[EventCountry "ENG"]
[SourceTitle "CBM 170"]
[Source "ChessBase"]
[SourceDate "2016.01.15"]
[SourceVersion "1"]
[SourceVersionDate "2016.01.15"]
[SourceQuality "1"]

1. d4 Nf6 2. Nf3 g6 3. c4 Bg7 4. g3 c6 5. Bg2 d5 6. Qb3 O-O 7. O-O Qb6 8. Nc3
Rd8 9. Na4 Qxb3 10. axb3 Na6 11. Bf4 Be6 12. Rfc1 Ne8 13. h3 dxc4 14. bxc4 Bxd4
$5 {Howell decides to pick up a pawn at the cost of giving up his strong
dark-squared bishop.} 15. Nxd4 Rxd4 16. b3 $14 {Of course White has excellent
compensation thanks to his two bishops and also because none of the Black's
minor pieces are playing in the game.} Rdd8 17. Be3 Kf8 18. Nc3 Nec7 19. Ne4 f6
20. Kf1 Bf7 21. Nd2 Nb4 22. Ne4 Nba6 23. Rab1 {Of course, Pert doesn't repeat
with Nd2 again, instead tries to play for a win. After all he is point down in
the match.} Nb4 $2 {A tactical blunder by Howell.} (23... b6 {was better but
it is not a good feeling to weaken the long diagonal.}) 24. Nxf6 $1 exf6 25.
Bc5+ Ke8 26. Bxb4 $16 {White not only has restored the material equilibrium
but also has the bishop pair. This is quite a tangible advantage to White. The
game went on for another 50 moves but White was unable to make the most of his
edge and it ended in a draw.} Rd7 27. Rc3 Rad8 28. Ke1 Ne6 29. Re3 Bg8 30. Ba5
Rc8 31. Rd1 Rxd1+ 32. Kxd1 Kd7 33. Bc3 Rf8 34. Kc2 g5 35. Rd3+ Ke7 36. Bb2 Rd8
37. Ba3+ Ke8 38. Kc3 Rxd3+ 39. exd3 Bf7 40. b4 Kd7 41. b5 cxb5 42. Bxb7 bxc4
43. dxc4 h5 44. Be4 Nd8 45. Bc5 Be6 46. h4 gxh4 47. gxh4 Nc6 48. Bxc6+ Kxc6 49.
Bxa7 Bg4 50. Bd4 f5 51. Be3 Kd6 52. Kd4 Be2 53. c5+ Ke6 54. c6 Kd6 55. c7 Kxc7
56. Ke5 Kd7 57. Kxf5 Ke7 58. Kg6 Bf3 59. Bc5+ Ke6 60. Bb4 Ke5 61. Kg5 Ke6 62.
Kg6 Ke5 63. Bd2 Ke6 64. Bc3 Ke7 65. Bb4+ Ke6 66. Ba3 Ke5 67. Kg5 Ke6 68. Bb2
Kf7 69. Kf4 Bd1 70. Ke4 Ke6 71. Kf4 Kf7 72. Kf5 Bf3 73. Ke5 Ke7 74. Ba3+ Kf7
75. Bb4 Bd1 76. f4 Be2 77. f5 Bd1 78. Bc3 Be2 1/2-1/2

[Event "Bad Ragaz Accentus YM"]
[Site "Bad Ragaz"]
[Date "2016.04.12"]
[Round "7"]
[White "Studer, Noel"]
[Black "Gledura, Benjamin"]
[Result "0-1"]
[WhiteElo "2438"]
[BlackElo "2550"]
[Annotator "Schulz,Andre"]
[PlyCount "89"]
[EventDate "2016.04.06"]
[EventType "tourn"]
[EventRounds "9"]
[EventCountry "SUI"]
[EventCategory "9"]
[SourceTitle "CBM 171 Extra"]
[Source "ChessBase"]
[SourceDate "2016.04.26"]
[SourceVersion "1"]
[SourceVersionDate "2016.04.26"]
[SourceQuality "1"]

1. d4 Nf6 2. c4 g6 3. g3 c6 4. Nf3 Bg7 5. Bg2 d5 6. O-O O-O 7. Nbd2 Bf5 8. b3
a5 9. Bb2 a4 10. Nh4 Bg4 11. Re1 (11. h3 Be6 12. Nhf3 Bh6 13. e3 Qa5 14. Rc1
Nbd7 15. Ne5 axb3 16. axb3 Qb6 17. g4 Ra2 18. Nd3 dxc4 19. Nxc4 Qb5 20. f4 Nd5
21. Rf2 N5b6 22. Qc2 f5 23. Bf1 Nd5 24. Qd1 Bg7 25. gxf5 Bxf5 26. Ba3 Rxf2 27.
Nxf2 Be6 28. Ne4 N7f6 29. Nc5 Bf7 30. Qe1 Ra8 31. Ra1 b6 32. Nd2 Qa5 33. Bb2
Qxa1 34. Bxa1 bxc5 35. dxc5 Nxe3 36. Qxe3 Nd5 37. Qe4 Rxa1 38. Nf3 Bc3 39. Kg2
Bb4 40. Bc4 Bxc5 41. Ng5 Ra2+ 42. Kh1 Ra1+ 43. Kg2 Ra2+ 44. Kh1 Ra1+ {1/2-1/2 
(44) Bacrot,E (2721)-Morozevich,A (2719) Poikovsky 2014}) 11... a3 12. Bc3 c5
13. Rc1 Nc6 14. dxc5 (14. Nhf3 $11) 14... d4 15. Ba1 Nb4 {Nun ist der Bauer a2
nicht mehr zu decken.} 16. Ndf3 Nxa2 17. Rc2 Nb4 18. Rd2 Bxf3 19. Nxf3 {[#]}
Ne4 {Als nächstes gerät der Td2 in die Bredoullie. Weiß ist die Partie aus
den Händen geglitten.} 20. Rxd4 Bxd4 21. Nxd4 Nxc5 22. Qd2 {Die Abwesenheit
des schwarzen schwarzfeldrigen Läufers lässt Weiß auf etwas Spiel am
Königsflügel hoffen.} Nc6 $6 {Gibt ohne Not einen Bauern.} ({Besser war} 
22... Qb6) 23. Nxc6 bxc6 24. Qc3 f6 25. b4 (25. Bxc6 $5 Ra6 26. Bd5+ e6 27. Bg2
) 25... Na4 26. Qxa3 Qd2 27. Kf1 $6 {Erlaubt einen taktischen Trick.} (27. Rb1
$5 Qxe2 28. Bxc6 Nb6 29. Qb3 {und das Freibauernpaar am Damenflügel bringt
Weiß in Vorteil.}) 27... Nb6 28. Qb3 {[#]} Qxe1+ {Das ist er.} 29. Kxe1 Rxa1+
30. Kd2 Ra3 $1 {Die Pointe: Gabelfeld c4} (30... Rd8+ 31. Kc2 $13) 31. Qc2 Rd8+
32. Kc1 Na4 {Das Mattnetz um den weißen König wird immer enger.} 33. Kb1 Rb8
34. b5 Nc3+ 35. Kb2 Ra2+ 36. Kxc3 Rxc2+ 37. Kxc2 cxb5 38. c5 Kf7 39. Kb3 b4 40.
e4 Ke6 41. Bh3+ f5 42. f4 Rb5 43. g4 fxe4 44. Kc4 b3 45. Kd4 0-1

[Event "Gibraltar Masters 16th"]
[Site "Caleta"]
[Date "2018.01.24"]
[Round "8"]
[White "Rapport, Richard"]
[Black "Howell, David"]
[Result "1-0"]
[WhiteElo "2700"]
[BlackElo "2682"]
[Annotator "Sumets,A"]
[PlyCount "97"]
[EventDate "2018.01.23"]
[EventType "swiss"]
[EventRounds "10"]
[EventCountry "GGB"]
[SourceTitle "CBM 183"]
[Source "ChessBase"]
[SourceDate "2018.03.14"]
[SourceVersion "1"]
[SourceVersionDate "2018.03.14"]
[SourceQuality "1"]

1. d4 Nf6 2. c4 g6 3. Nf3 Bg7 4. g3 c6 5. Nc3 d5 6. Qb3 O-O 7. Bg2 Qb6 8. O-O
Rd8 9. Bd2 {A rare move, White wants to play Rfc1, e3, Na4.} (9. Na4 {is more
popular than 9.Bd2 and White can get the same pawn structure:} Qxb3 10. axb3
Na6 11. Bf4 (11. Bd2 Ne8 (11... Ne4 $5 12. Bf4 Bf5 13. Rfc1 h6 14. Nc3 g5 15.
Be3 Nb4 16. Ra4 a5 $11) 12. e3 Bf5 13. Rfc1 Nec7 14. Ba5 Rdc8 15. Bf1 Bg4 16.
Ne1 dxc4 17. bxc4 e5 18. h3 Bd7 19. dxe5 Bxe5 20. Nd3 $14 {Burmakin,V (2505)
-Dhulipalla,B (2335) Barbera del Valles 2017 1/2 (83)}) 11... Ne8 (11... Be6
12. Rfc1 Ne8 13. h3 dxc4 14. bxc4 Bxd4 $5 {Sagar Shah: 'Howell decides to pick
up a pawn at the cost of giving up his strong dark-squared bishop'.} 15. Nxd4
Rxd4 16. b3 $14 {1/2 (78) Pert,N (2569)-Howell, D (2693) London 2015 CBM 170 
[Sagar Shah/CB Website] Of course White has excellent compensation thanks to
his two bishops and also because none of the Black's minor pieces are really
in the game.}) 12. Nc3 Nac7 13. Ra4 a6 14. Rd1 Be6 15. h3 Rac8 16. c5 h6 17. g4
g5 18. Bh2 f5 19. gxf5 Bxf5 20. Ne5 Nf6 $11 {Wojtaszek,R (2748)-Ragger,M (2688)
Reykjavik 2015 0-1 (44)}) 9... Be6 {Black has other options.} (9... Bf5 10. Na4
Qxb3 11. axb3 Nbd7 12. Rfc1 Be4 13. Be1 Ne8 14. e3 Nd6 {I don't really
understand what exactly Black wants by playing this} (14... e6 $5 15. Bb4 Bf8
16. Bxf8 Kxf8 $11) 15. Bb4 a5 16. Be1 (16. Ba3 $1 Bf8 17. Nc3 Bxf3 18. Bxf3 e6
19. Be2 $14) 16... e6 17. Ra2 b5 (17... dxc4 $1 18. bxc4 Nxc4 19. Rxc4 Bd5 20.
Nd2 b5 21. Bxd5 cxd5 22. Rc6 bxa4 23. Rxa4 Rdb8 $11) 18. cxb5 cxb5 19. Nc5 Nxc5
20. dxc5 $14 {Chandra,A (2464)-Zierk,S (2488) Saint Louis 2016 1/2 (76)}) (9...
dxc4 10. Qxc4 Be6 11. Qd3 Bg4 (11... Na6 $5 12. b3 c5 13. Na4 Qc7 14. Rac1 Bf5
15. Qb5 Bd7 16. Qa5 $1 (16. Qc4 Be6 17. Qd3 Bf5 $11) 16... Qxa5 17. Bxa5 b6 18.
Nxb6 axb6 19. Bxb6 Rdc8 20. Ne5 $14) 12. Na4 Qa6 13. Nc5 Qxd3 14. Nxd3 Bxf3 15.
Bxf3 Rxd4 16. Bc3 Rd8 17. Nc5 b6 18. Rfd1 $44 {Ashwath,R (2239)-Kozul,Z (2607)
Sitges ESP 2017 0-1 (75)}) (9... Na6 10. Rfc1 Ne4 11. Qxb6 axb6 12. cxd5 Nxc3
13. bxc3 Rxd5 14. Ne5 Rd8 15. Nc4 b5 16. Nb6 Ra7 17. a4 bxa4 18. Rxa4 Be6 19.
Be3 Kf8 20. Rb1 Ke8 21. Bf4 Bf5 22. Rba1 c5 23. e3 Bd7 24. Ra5 cxd4 25. cxd4
Bf5 26. Bc7 Nxc7 27. Rxa7 e5 28. Rxb7 Ne6 {1-0 (28) Dreev,A (2653)-Ghasi,A 
(2475) chess.com INT 2018}) (9... Bg4 10. e3 e6 11. h3 Bxf3 12. Bxf3 Nbd7 13.
Rfd1 $14) 10. Na4 Qxb3 11. axb3 {After 9.Na4 Qxb3 10.axb3 Black should play 10.
..Na6. Now this move is dubious.} Na6 $6 {This knight will be misplaced till
the end of the game. White's plan is Rfc1, e3, Bf1, Ba5 and if ...b6 then Bxb6.
Black's knight would be better placed on d7.} (11... Nbd7 {looks better than
11...Na6:} 12. Rfc1 Ne4 {As an improvement Black can consider 12...a6 or 12...
h6.} (12... a6 $5 13. Ng5 {Since 13.cxd5 Bxd5 doesn't give White any advantage}
(13. cxd5 Bxd5 14. b4 Bxf3 15. Bxf3 e5 $11) 13... Bf5 14. cxd5 cxd5 15. Rc7 h6
16. Nf3 b5 17. Nc3 (17. Nc5 $6 Nxc5 18. dxc5 Ne4 $15) 17... b4 18. Na4 a5 $11)
(12... h6 {Black wants to take on d5 with the bishop.} 13. e3 (13. Bb4 Re8 14.
e3 a6 15. Nd2 Rac8 16. Nc3 Bf8 {Black should get an equal position}) 13... Ne4
14. Ba5 Rdc8 15. Nd2 f5) 13. Ba5 b6 {Black's knight is on d7, so Why doesn't
have Bxb6.} 14. Be1 Rac8 15. cxd5 Bxd5 16. b4 e5 17. Nxe5 Nxe5 18. dxe5 Bxe5
19. Bxe4 $5 (19. Nc3 Nxc3 20. Bxc3 Bxc3 21. Rxc3 Bxg2 22. Kxg2 Rc7 $11) 19...
Bxe4 20. Nc3 Bd5 (20... Bf5 $5 21. Rxa7 b5 22. e3 Bg7 $44) 21. Rxa7 Bc4 $44 {
Giri,A (2773)-So,W (2808) Wijk aan Zee 2017 1/2 (43)}) 12. Rfc1 {Despite the
fact that the computer evaluates the position as equal, It seems to me that
Black's position is already unpleasant.} Ne4 $146 ({Mohamed Haddouche tried} 
12... Ne8 13. e3 h6 14. Ba5 Rdc8 15. Nd2 Nec7 16. Bf1 (16. Bxc7 $1 Rxc7 (16...
Nxc7 17. Nc5 $16) 17. cxd5 Bxd5 (17... cxd5 18. Rxc7 Nxc7 19. Nc5 b6 20. Nxe6
fxe6 21. f4 $16 {Black's bishop is locked in}) 18. Bf1 b5 19. Nc3 $16) 16...
Bd7 17. Bxc7 Rxc7 18. cxd5 cxd5 19. Bxa6 Rxc1+ 20. Rxc1 bxa6 21. Rc7 Bxa4 22.
bxa4 $16 {1-0 (46) Ding,L (2777)-Haddouche,M (2487) Tbilisi 2017}) 13. Ba5 Rdc8
({Black could have tried} 13... b6 $5 {I think it is Black's best chance to
level the game:} 14. Be1 ({White could have got only problems after} 14. Bxb6
axb6 15. Nxb6 $17 Ra7 16. Ra4 dxc4 (16... Rb8 17. c5 Naxc5 18. Rxa7 Nxb3 19.
Rxc6 Bxd4 20. Nxd4 Nxd4 21. Rxe6 fxe6 22. Ra8 Rxa8 23. Nxa8 Nxe2+ 24. Kf1 Nd4
25. Bxe4 dxe4 26. Nb6 $11) 17. bxc4 Nd2 $5 18. Nxd2 Bxd4 19. c5 Bxc5 20. Nbc4
Nb4 $15) 14... c5 15. Ne5 Rac8 16. cxd5 (16. Nxb6 axb6 17. Rxa6 cxd4 18. Nd3
Nc5 $11) 16... Bxd5 17. Nc3 Nxc3 18. bxc3 Bxg2 19. Kxg2 cxd4 20. cxd4 Rxc1 21.
Rxc1 Bxe5 22. dxe5 Nc5 $11) 14. e3 g5 ({Now Black can't play} 14... b6 $2 {
because of} 15. Bxb6 axb6 16. Nxb6 Nc7 17. Nxa8 Rxa8 18. Rxa8+ Nxa8 19. Ra1 Nc7
20. Ra7 $18) (14... f5 15. Bf1 Bf7 16. Ne5 Bxe5 17. dxe5 Nac5 18. Nxc5 Nxc5 19.
Ra3 $14) 15. Nd2 Nxd2 (15... Nd6 {is not better, due to} 16. cxd5 Bxd5 17. Bf1
Nb5 18. Nc3 $16) 16. Bxd2 g4 17. Bf1 {I think that 17.cxd5 or 17.b4 was
stronger:} (17. cxd5 $5 Bxd5 18. Bxd5 cxd5 19. b4 e5 20. Rxc8+ Rxc8 21. dxe5
Bxe5 22. b5 Nc7 23. Bc3 Bxc3 24. Nxc3 $16) (17. b4 $5 dxc4 18. b5 cxb5 19. Bxb7
bxa4 20. Bxa6 Rcb8 21. Bc3 $16 {White is much better.}) 17... dxc4 $6 {This
changes the pawn structure in White's favour.} (17... Bf5 18. cxd5 cxd5 19.
Rxc8+ Rxc8 20. Bxa6 bxa6 21. Nc5 e5 22. Bc3 exd4 23. exd4 Bf8 $14 {Black has
good chances to make a draw.}) 18. bxc4 c5 19. Bg2 $1 Rab8 20. d5 Bd7 21. Bc3
$1 {White has an extra pawn in the centre and Black's knight is stuck on a6.}
Bxa4 ({David could have tried} 21... Bf5 22. Bxg7 Kxg7 23. e4 Bg6 24. Nc3 Rd8
25. h3 $16) 22. Rxa4 Rd8 23. h3 $1 gxh3 $8 ({After} 23... h5 24. hxg4 hxg4 25.
Bf1 {Black will lose the g4-pawn.}) 24. Bxh3 Rd6 25. e4 Bxc3 26. Rxc3 $16 ({
Richard could even consider} 26. bxc3 $5 Rb6 27. e5 {with a big advantage.})
26... Rb6 27. b3 e5 {Now White can get a strong centre.} 28. Rf3 (28. f4 $1 f6
29. Rf3 Kg7 30. Ra5) 28... Kg7 29. Ra5 h6 30. Bd7 Rd6 31. Bb5 Nc7 $6 ({The
last chance was} 31... Nb4 $5 32. Rxa7 Nc2 {Black has sacrificed the a-pawn
and got some counterplay. Now Black's knight is better than White's bishop.}
33. Rd3 h5 34. Ra5 Nd4 $16 {Black has managed to put his knight in the centre.
However sooner or later White will prepare f4 with good chances to win the
game.}) 32. Ba4 Na6 $8 33. Rf5 f6 34. f4 exf4 35. gxf4 Kg6 36. b4 $1 Nxb4 (
36... cxb4 37. c5 Rdd8 38. Bd1 b3 (38... Nc7 39. Rxa7 $18) 39. Bxb3 Re8 40. Bc2
Nb4 41. Bb1 $18) 37. Bd1 $18 Na6 (37... Ra6 38. Rxa6 Nxa6 39. Bh5+ Kg7 40. e5
fxe5 41. Rf7+ Kg8 42. fxe5 $18) 38. Bh5+ Kh7 39. e5 Rb6 40. Rb5 {This is a
reliable way to win the game.} ({The computer recommend} 40. e6 Rg8+ 41. Kf2
Rb2+ 42. Kf3 Rh2 (42... Rgg2 43. Rxf6 Rbf2+ 44. Ke3 $18) 43. d6 $18) 40... Rg8+
41. Kf2 Rxb5 42. cxb5 Nc7 43. d6 Nxb5 44. Rxf6 Rd8 45. Rf7+ Kg8 46. Rxb7 a6 47.
Rb6 c4 48. Rxa6 c3 49. Rc6 1-0

[Event "Balatonbereny Artia op"]
[Site "Balatonbereny"]
[Date "1984.09.27"]
[Round "2"]
[White "Csom, Istvan"]
[Black "Vogt, Lothar"]
[Result "1-0"]
[WhiteElo "2505"]
[BlackElo "2485"]
[Annotator "Vogt,L"]
[PlyCount "57"]
[EventDate "1984.09.26"]
[EventType "swiss"]
[EventRounds "11"]
[EventCountry "HUN"]
[SourceTitle "EXT 2013"]
[Source "ChessBase"]
[SourceDate "2012.11.22"]
[SourceVersion "1"]
[SourceVersionDate "2012.11.22"]
[SourceQuality "1"]

1. c4 g6 2. d4 Bg7 3. g3 Nf6 4. Bg2 c6 5. Nf3 O-O 6. O-O d5 7. Qa4 Bf5 8. Nc3
Nbd7 (8... dxc4) 9. cxd5 Nb6 10. Qb4 Nfxd5 11. Nxd5 cxd5 12. Bf4 Rc8 13. Rfc1
Rc4 14. Qa3 Ra4 15. Qe3 Nc4 16. Qc3 Nd6 17. Qb3 Qa5 $2 (17... Ra5) 18. Bxd6
exd6 19. e3 Qb4 20. Nd2 Be6 21. Rc3 Bf6 22. Qc2 Ra6 23. a3 Qa4 24. Qxa4 Rxa4
25. Bf1 Bd8 26. b3 Ba5 27. Rc2 Bf5 28. Rca2 Bxd2 29. Rxd2 1-0